000 00860 a2200181 4500
003 Nust
005 20250322133134.0
020 _a8173195374
040 _cNust
082 _a519.4,SHA
100 _aSharma, Jagan Nath
_9128512
245 _aNumerical methods for engineers and scientists /
_cJ.N.Sharma
260 _aNarosa Publishing House
_bNew Delhi
_c2004
300 _axiii, 336 p
_billus
_c24 cm
505 _aNumerical Computations and Error Analysis (Page-1), Algebraic and Transcendental Equations (Page-21), Systems of Simultaneous Algebraic Equations (Page-67), Interpolation ad Functions Approximations (Page-113), Numerical Differentiation and Integration (Page-181), Ordinary Differential Equations (Page-222), Partial Differential Equations (Page-258), Integral Equations (Page-302),
650 _aNumerical Methods
_956168
942 _2ddc
_cBK
999 _c188761
_d188761